Statystyki dla KRAJE GRANICZĄCE Z MORZEM ŚRÓDZIEMNYM (+adriatyckie,alborańskie

Kliknij tutaj aby rozwiązać quiz!

Ogólne statystyki

  • Ten quiz został rozwiązany 36 razy
  • Średni wynik to 18 z 20

Statystyki odpowiedzi

długość granicyOdpowiedź% Poprawnych
977kmHiszpania
100%
985kmAlgieria
97%
2045 kmWłochy
97%
422kmChorwacja
93%
853 kmEgipt
93%
398kmFrancja
93%
1047 kmGrecja
93%
617kmTunezja
93%
1089 kmTurcja
93%
246kmAlbania
90%
207kmIzrael
90%
1238kmLibia
90%
306kmMaroko
90%
378 kmCypr
86%
2 kmMonako
79%
15 kmSłowenia
79%
126kmSyria
79%
89kmCzarnogóra
76%
173kmLiban
76%
74 kmMalta
72%

Rozkład punktacji

Percentyl według liczby udzielonych odpowiedzi

Procent ludzi z każdym wynikiem

Twoja historia wyników

Nie rozwiązałeś tego quizu